| 000 | 01449cam a22002655a 4500 | ||
|---|---|---|---|
| 001 | L159620 | ||
| 008 | 150226s2017 xxk f 000 0 eng d | ||
| 035 | _a(Sirsi) u159620 | ||
| 041 | 0 | _aeng | |
| 050 | 0 | 4 | _218 |
| 110 | 2 |
_aRoyal Institution of Chartered Surveyors _94900 |
|
| 245 | 0 | 0 |
_aValuers and investors _bHow is data and technology affecting you? _h[electronic resource] |
| 260 |
_aLondon _bRICS _c2017 |
||
| 490 | 0 | _aRICS Research | |
| 520 | _aIn response to the increasing rate of change brought about by new technology and the increasing availability of data, RICS and INREV conducted a survey to provide insight into the ways in which valuers and investors are being impacted. The report showcases a snapshot of what we learnt. With more companies relying on data from other companies to fulfil their objectives, the efficient sharing of data is becoming increasingly important. Market wide data standards are viewed as necessary in ensuring the quality of data. The vast majority of companies are planning on investing in technology within the next 5 years, changing the skillsets needed by professionals. | ||
| 590 | _aKA | ||
| 650 | 2 | 4 | _aTECHNOLOGICAL REVOLUTION |
| 650 | 2 | 4 | _aIT |
| 650 | 2 | 4 | _aPROPERTY |
| 651 | 4 |
_aUnited Kingdom _y |
|
| 690 |
_aValuation _96273 |
||
| 710 | 1 | _aINREV | |
| 856 | 4 | 0 |
_uwww.rics.org/Global/RICS_INREV_PropTech_Report_231117_SB.pdf _zView the report free of charge at www.rics.org |
| 942 | _n0 | ||
| 999 |
_c116054 _d116054 |
||